Corazón alado : antología poética /
Guardado en:
| Autor Principal: | |
|---|---|
| Otros Autores: | , |
| Formato: | Libro |
| Publicado: |
Buenos Aires :
Vicens Vives Argentina,
2014
|
| Materias: | |
| Etiquetas: |
Agregar Etiqueta
Sin Etiquetas, Sea el primero en etiquetar este registro!
|
| LEADER | 01707nam a22002655a 4500 | ||
|---|---|---|---|
| 001 | CEM.cems015212 | ||
| 005 | 20191021160134.0 | ||
| 008 | 130507s2014##################000#0#####d | ||
| 003 | CEMS | ||
| 020 | |a 9789871291656 | ||
| 082 | 0 | 4 | |a 861.6 |
| 100 | 1 | |a Hernández, Miguel | |
| 245 | 1 | 0 | |a Corazón alado : |b antología poética / |c Miguel Hernández ; ilustrado Por Jesús Gabán ; selección de Juan Ramón Torregrosa |
| 260 | |a Buenos Aires : |b Vicens Vives Argentina, |c 2014 | ||
| 300 | |a 128 p. | ||
| 505 | 0 | |a El silbo de afirmación en la aldea -- Tus cartas son un vino -- Tengo estos huesos hechos a las penas -- Como el toro he nacido para el luto -- Elegía -- Vientos del pueblo me llevan -- El niño yuntero -- Aceituneros -- Las abarcas desiertas -- El sudor -- El hambre -- El herido -- Canción del antiavionista -- Canción primera - Lavejez en los pueblos -- Todas las casas son ojos -- Tristes guerras -- Canción del esposo soldado -- Ropas con su olor -- El sol, la rosa y el niño -- Besarse, mujer -- Cerca del agua te quiero llevar -- Cantar -- Nanas de la cebolla -- Rueda que irás muy lejos -- Canción última -- Menos tu vientre -- Sigo en la sombra, lleno de luz, ¿existe el día? -- La boca -- Ausencia en todo veo -- Vals de los enamorados y unidos hasta siempre -- Llegó con tres heridas -- Casida del sediento -- Eterna sombra | |
| 653 | |a Literatura | ||
| 653 | |a Literatura española | ||
| 653 | |a Literatura infantil | ||
| 653 | |a Poesía | ||
| 653 | |a Poesía infantil | ||
| 653 | |a Colección ciencias de la educación | ||
| 700 | 1 | |a Gabán, Jesús; il. | |
| 700 | 1 | |a Torregrosa, Juan Ramón; sel. | |
| 859 | |a CEMS |b BIB. CEMS - Ccias. Educacion |h 861.6 |i H430 |k CE |p 28399.19 |t Ej.1 | ||
